000 00564nam a2200181Ia 4500
003 OSt
005 20230525152931.0
008 210423s1985 xx 000 0 und d
040 _cAL
041 _aeng
082 _a370
_223
_bAGGT
100 _aAGGARWAL (J C).
_9114081
245 _aTheory and principles of education.
_bPhilosophical and social logical bases of education.
260 _aNew Delhi
_bVikas Publications
_c1985
365 _b120
_cINR
906 _abases ; education. ; logical ; Philosophical ; principles ; social ; Theory
942 _2ddc
_cBK
999 _c173264
_d173264